[Event "PCA Intel cf Las Pal"]
[Site "?"]
[Date "1995.??.??"]
[Round "3"]
[White "Anand, Viswanathan"]
[Black "Kamsky, Gata"]
[Result "1-0"]
[WhiteElo "2715"]
[BlackElo "2710"]
[PlyCount "119"]
[EventDate "1995.??.??"]
[Source "www.chesslib.no"]
[SourceDate "2004.05.04"]

1. e4 e5 2. Nf3 Nc6 3. Bb5 a6 4. Ba4 Nf6 5. O-O b5 6. Bb3 Bb7 7. Re1 Bc5 8. c3 d6 9. d4 Bb6 10. Be3 O-O 11. Nbd2 h6 12. h3 Qb8 13. d5 Ne7 14. Bxb6 cxb6 15. Bc2 Nd7 16. Nh4 Qd8 17. Nf1 g5 18. Nf3 f5 19. exf5 Nxf5 20. N3h2 Qf6 21. Ng4 Qg7 22. Nge3 Nxe3 23. Nxe3 Rf4 24. a4 Raf8 25. axb5 a5 26. Rf1 Bc8 27. g3 R4f7 28. b4 e4 29. Bxe4 Ne5 30. Bg2 axb4 31. cxb4 Nf3+ 32. Bxf3 Rxf3 33. Ra8 Bxh3 34. Qxf3 Rxa8 35. Rc1 Rf8 36. Qe2 Bd7 37. Rc7 Rf7 38. Rb7 Qa1+ 39. Nf1 Kg7 40. Rxb6 Qd4 41. Rb8 Qxb4 42. Ne3 h5 43. b6 h4 44. g4 Bb5 45. Qd1 Qb2 46. Nf5+ Rxf5 47. gxf5 Be2 48. Qa4 Bf3 49. Qd7+ Kh6 50. Qe6+ Kh5 51. Qe8+ Kg4 52. Qe1 Bxd5 53. Re8 Bf3 54. f6 Kh5 55. f7 Qd4 56. Re4 Qf6 57. b7 Bxe4 58. Qxe4 Qa1+ 59. Kh2 Qf6 60. Kh3 1-0

[Event "Sanghi Nagar (m/7)"]
[Site "?"]
[Date "1994.??.??"]
[Round "?"]
[White "Anand, V."]
[Black "Kamsky, G."]
[Result "0-1"]
[WhiteElo "2720"]
[BlackElo "2695"]
[PlyCount "134"]
[EventDate "1994.??.??"]
[Source "ChessBase"]
[SourceDate "1994.06.01"]

1. e4 e5 2. Nf3 Nc6 3. Bb5 a6 4. Ba4 Nf6 5. O-O b5 6. Bb3 Bb7 7. d3 Bc5 8. a4 O-O 9. Bg5 h6 10. Bh4 d6 11. Nc3 g5 12. Bg3 b4 13. Nd5 Na5 14. Nxf6+ Qxf6 15. Ba2 b3 16. Bxb3 Nxb3 17. cxb3 Qe6 18. Rc1 f5 19. exf5 Qd5 20. d4 Bxd4 21. Rxc7 Rf7 22. Qc2 Rxc7 23. Qxc7 Rf8 24. Qc2 Bc5 25. Re1 Bb4 26. Rd1 Qe4 27. Qxe4 Bxe4 28. Ne1 Bxf5 29. f3 Rc8 30. h4 Be6 31. Nd3 Bxb3 32. Ra1 Bd2 33. hxg5 hxg5 34. Ra3 Bc2 35. Be1 Be3+ 36. Bf2 Bd2 37. Be1 Bxe1 38. Nxe1 Bf5 39. Rb3 Kf7 40. Rb6 Ke6 41. a5 Rc1 42. Kf2 Rb1 43. g4 Bg6 44. Ng2 Bd3 45. Ne3 Bb5 46. Nf5 Rxb2+ 47. Ke1 Kd5 48. Rxd6+ Kc5 49. Rg6 Re2+ 50. Kd1 Rf2 51. Rxg5 Rxf3 52. Rg8 e4 53. Kd2 Rd3+ 54. Ke1 e3 55. Rc8+ Kb4 56. Rc2 Rb3 57. Rc1 Rb2 58. Nd4 Rg2 59. Nc6+ Kb3 60. Nd4+ Kb4 61. Nc6+ Ka4 62. Ra1+ Kb3 63. Nd4+ Kc4 64. Nxb5 Rg1+ 65. Ke2 Rxa1 66. Nc7 Rxa5 67. Kxe3 Ra1 0-1

[Event "jub30-A corr9196"]
[Site "Finland"]
[Date "1991.??.??"]
[Round "?"]
[White "Olafsson, Hannes"]
[Black "Timmerman, Gert Jan"]
[Result "0-1"]
[WhiteElo "2555"]
[BlackElo "2710"]
[PlyCount "120"]
[EventDate "1991.??.??"]
[Source "www.chesslib.no"]
[SourceDate "2004.05.04"]

1. e4 e5 2. Nf3 Nc6 3. Bb5 a6 4. Ba4 Nf6 5. O-O b5 6. Bb3 Bb7 7. d3 Bd6 8. a3 Na5 9. Ba2 c5 10. Bg5 h6 11. Bxf6 Qxf6 12. Nc3 O-O 13. Nd5 Qd8 14. Ne3 Nc6 15. Bd5 Rb8 16. c3 Bc7 17. b4 d6 18. Qb3 Bb6 19. Nf5 Qf6 20. h4 Ne7 21. Bxb7 Rxb7 22. Nxe7+ Qxe7 23. a4 Rc8 24. axb5 axb5 25. bxc5 Rxc5 26. Ra8+ Kh7 27. Rb1 Qc7 28. Kh2 d5 29. Qd1 Rb8 30. Rxb8 Qxb8 31. Rb3 Qc7 32. Qb1 dxe4 33. dxe4 Qc6 34. Ra3 Rc4 35. Nxe5 Bc7 36. f4 Bxe5 37. fxe5 Qc5 38. Rb3 Qf2 39. e6 f5 40. Rb2 Qxh4+ 41. Kg1 Qxe4 42. Qxe4 Rxe4 43. Rxb5 Kg6 44. Rc5 Rxe6 45. Kf2 Kg5 46. Kf3 h5 47. g3 Re4 48. c4 h4 49. gxh4+ Rxh4 50. Rc7 g6 51. c5 Rh3+ 52. Ke2 f4 53. Kd2 Re3 54. c6 Re6 55. Rc8 Kg4 56. c7 Re7 57. Rg8 Rxc7 58. Rxg6+ Kf3 59. Ke1 Rc1+ 60. Kd2 Rf1 0-1

[Event "Corr"]
[Site "?"]
[Date "1996.11.01"]
[Round "?"]
[White "Prizant Michael (ENG)"]
[Black "Timmerman Gert Jan"]
[Result "1/2-1/2"]
[WhiteElo "2515"]
[BlackElo "2725"]
[PlyCount "63"]
[EventDate "1996.??.??"]
[Source "www.chesslib.no"]
[SourceDate "2004.05.04"]

1. e4 e5 2. Nf3 Nc6 3. Bb5 a6 4. Ba4 Nf6 5. O-O b5 6. Bb3 Bb7 7. Re1 Bc5 8. c3 d6 9. d4 Bb6 10. Be3 O-O 11. Nbd2 h6 12. h3 exd4 13. cxd4 Nb4 14. Qb1 c5 15. a3 Nc6 16. e5 dxe5 17. dxe5 Nd5 18. Ne4 c4 19. Bxb6 Qxb6 20. Bc2 Nce7 21. Nd6 Bc6 22. e6 fxe6 23. Rxe6 Rxf3 24. gxf3 Nf4 25. Qe1 Qc5 26. h4 Qd5 27. Rxe7 Qxf3 28. Rxg7+ Kh8 29. Rh7+ Kg8 30. Rg7+ Kh8 31. Rh7+ Kg8 32. Rg7+ 1/2-1/2

[Event "Corr"]
[Site "?"]
[Date "1994.??.??"]
[Round "?"]
[White "Millican Peter J R"]
[Black "Pioch Zygmunt"]
[Result "1/2-1/2"]
[WhiteElo "2610"]
[BlackElo "2590"]
[PlyCount "41"]
[EventDate "1994.??.??"]
[Source "www.chesslib.no"]
[SourceDate "2004.05.04"]

1. e4 e5 2. Nf3 Nc6 3. Bb5 a6 4. Ba4 Nf6 5. O-O b5 6. Bb3 Bb7 7. c3 Nxe4 8. d4 Na5 9. Nxe5 Nxb3 10. Qxb3 Nd6 11. Re1 Be7 12. a4 Rb8 13. axb5 axb5 14. Bf4 O-O 15. Nd3 Re8 16. Nd2 Nc4 17. Re2 Bd5 18. Qc2 Bd6 19. Rxe8+ Qxe8 20. Bxd6 Nxd6 21. Re1 1/2-1/2

[Event "Corr"]
[Site "?"]
[Date "1996.11.01"]
[Round "?"]
[White "Vitomskis Janis"]
[Black "Kilgour David A.(SCO)"]
[Result "1/2-1/2"]
[WhiteElo "2595"]
[BlackElo "2580"]
[PlyCount "80"]
[EventDate "1996.??.??"]
[Source "www.chesslib.no"]
[SourceDate "2004.05.04"]

1. e4 e5 2. Nf3 Nc6 3. Bb5 a6 4. Ba4 Nf6 5. O-O b5 6. Bb3 Bb7 7. d3 Bc5 8. Nc3 O-O 9. a4 Na5 10. Ba2 b4 11. Ne2 d5 12. exd5 Bxd5 13. Bxd5 Qxd5 14. Ng3 Nc6 15. Bg5 Nd7 16. Nf5 Qe6 17. Ng3 f5 18. Be3 f4 19. Bxc5 Nxc5 20. Ne4 Nxe4 21. dxe4 Rad8 22. Qe2 Nd4 23. Nxd4 Rxd4 24. f3 Rfd8 25. Rad1 Qd6 26. Rxd4 Qxd4+ 27. Kh1 Rd6 28. g3 fxg3 29. hxg3 c5 30. f4 exf4 31. Rxf4 Qd1+ 32. Qxd1 Rxd1+ 33. Kg2 Rd2+ 34. Kf3 b3 35. cxb3 Rxb2 36. Rf5 Rxb3+ 37. Kf4 c4 38. Ra5 Rb6 39. Rc5 Rb4 40. a5 Ra4 1/2-1/2

[Event "Corr"]
[Site "?"]
[Date "1998.02.01"]
[Round "?"]
[White "Hamarat Tunc (OST)"]
[Black "Geenen Marc (BEL)"]
[Result "1/2-1/2"]
[WhiteElo "2595"]
[BlackElo "2575"]
[PlyCount "63"]
[EventDate "1998.??.??"]
[Source "www.chesslib.no"]
[SourceDate "2004.05.04"]

1. e4 e5 2. Nf3 Nc6 3. Bb5 a6 4. Ba4 Nf6 5. O-O b5 6. Bb3 Bb7 7. Re1 Bc5 8. c3 d6 9. d4 Bb6 10. Be3 O-O 11. Nbd2 h6 12. h3 Re8 13. d5 Ne7 14. Bxb6 cxb6 15. a4 bxa4 16. Bxa4 b5 17. Bc2 Nd7 18. Nf1 Nb6 19. Ne3 Rf8 20. Nh4 Nexd5 21. Nhf5 Nxe3 22. Rxe3 Bc8 23. Nxd6 Nc4 24. Nxc4 Qxd1+ 25. Bxd1 bxc4 26. b4 cxb3 27. Bxb3 a5 28. Rd3 Bb7 29. Bd5 Bxd5 30. exd5 Rfc8 31. Ra4 Rc5 32. f4 1/2-1/2

[Event "A.E. Axelsson Memorial 8493"]
[Site "A.E. Axelsson Memorial 8493"]
[Date "1984.??.??"]
[Round "?"]
[White "Arnlind, Eric A"]
[Black "Zagorovsky, Vladimir P"]
[Result "1-0"]
[WhiteElo "2575"]
[BlackElo "2580"]
[PlyCount "47"]
[EventDate "1984.??.??"]
[Source "www.chesslib.no"]
[SourceDate "2004.05.04"]

1. e4 e5 2. Nf3 Nc6 3. Bb5 a6 4. Ba4 Nf6 5. O-O b5 6. Bb3 Bb7 7. Re1 Bc5 8. c3 d6 9. d4 Bb6 10. a4 O-O 11. Bg5 h6 12. Bh4 exd4 13. cxd4 Re8 14. Nc3 g5 15. Bxg5 hxg5 16. Nxg5 Re7 17. Nd5 Bxd4 18. Re3 Nxd5 19. Rg3 Bg7 20. Bxd5 Qc8 21. Qh5 Nd8 22. Nh7 Rd7 23. Nf6+ Kf8 24. Rxg7 1-0

[Event "Magyarorszag"]
[Site "?"]
[Date "1999.??.??"]
[Round "?"]
[White "Acs, P."]
[Black "Beliavsky, A."]
[Result "1-0"]
[WhiteElo "2525"]
[BlackElo "2615"]
[PlyCount "101"]
[EventDate "1999.??.??"]
[Source "Chess Informant"]
[SourceDate "1999.10.01"]

1. e4 e5 2. Nf3 Nc6 3. Bb5 a6 4. Ba4 Nf6 5. O-O b5 6. Bb3 Bb7 7. c3 Nxe4 8. d4 Na5 9. Bc2 exd4 10. Re1 d5 11. b4 Nc6 12. Nxd4 Be7 13. f3 Nxd4 14. Qxd4 Nf6 15. Bg5 Qd6 16. Nd2 Qb6 17. Nb3 Qxd4+ 18. Nxd4 Kf8 19. Nf5 Bd8 20. a4 Nd7 21. Bf4 Bf6 22. Bxc7 g6 23. Nd6 Kg7 24. axb5 Bxc3 25. Re7 Bxa1 26. Rxf7+ Kh6 27. Rxd7 Bc8 28. Nxc8 Raxc8 29. bxa6 Rxc7 30. Rxc7 Rb8 31. a7 Ra8 32. Bb3 Rxa7 33. Rxa7 Bd4+ 34. Kf1 Bxa7 35. Bxd5 Kg5 36. g3 Kf6 37. Ke2 g5 38. f4 h6 39. Kf3 Bg1 40. h3 Bd4 41. Ke4 Bf2 42. Kf3 Be1 43. b5 Ba5 44. Bc4 Bb6 45. Kg4 Bc7 46. fxg5+ hxg5 47. h4 gxh4 48. Kxh4 Kg6 49. g4 Bd8+ 50. Kg3 Kf6 51. Kf4 1-0

[Event "World Ch XIV Final"]
[Site "Cork World Ch XIV Final"]
[Date "1994.??.??"]
[Round "?"]
[White "Boll, Peter A"]
[Black "Oim, Tonu"]
[Result "0-1"]
[WhiteElo "2580"]
[BlackElo "2560"]
[PlyCount "82"]
[EventDate "1994.??.??"]
[Source "www.chesslib.no"]
[SourceDate "2004.05.04"]

1. e4 e5 2. Nf3 Nc6 3. Bb5 a6 4. Ba4 Nf6 5. O-O b5 6. Bb3 Bb7 7. Re1 Bc5 8. c3 d6 9. d4 Bb6 10. Bg5 h6 11. Bh4 g5 12. Bg3 Qe7 13. Bd5 O-O-O 14. Nbd2 Rhg8 15. a4 h5 16. axb5 axb5 17. h4 gxh4 18. Bxh4 Rg4 19. Qb3 Rxh4 20. Bxc6 Bxc6 21. Nxh4 Qd7 22. d5 Bb7 23. c4 Qg4 24. Nf5 Qf4 25. Re2 Nxe4 26. Nxe4 Qxf5 27. Qxb5 Qg4 28. c5 dxc5 29. Ra4 Qg6 30. Rd2 Rg8 31. g3 h4 32. Rd3 Qh6 33. Kf1 f5 34. Nd2 e4 35. Rda3 Kb8 36. Nc4 hxg3 37. fxg3 Rh8 38. Ke2 Bxd5 39. Nxb6 cxb6 40. Ra7 f4 41. gxf4 Qh2+ 0-1

[Event "Pappier Memorial A"]
[Site "CAPA email"]
[Date "1998.??.??"]
[Round "?"]
[White "Alvarez, Roberto Gabriel"]
[Black "Al Thani, Mohammed Bin Khalid"]
[Result "1/2-1/2"]
[WhiteElo "2505"]
[BlackElo "2630"]
[PlyCount "43"]
[EventDate "1998.??.??"]
[Source "www.chesslib.no"]
[SourceDate "2004.05.04"]

1. e4 e5 2. Nf3 Nc6 3. Bb5 a6 4. Ba4 Nf6 5. O-O b5 6. Bb3 Bb7 7. c3 Nxe4 8. d4 Na5 9. Bc2 exd4 10. Bxe4 Bxe4 11. Re1 d5 12. Nxd4 Be7 13. f3 c5 14. fxe4 cxd4 15. Qg4 g6 16. Bh6 Qd7 17. Qf3 dxe4 18. Qxe4 Nc6 19. Bg7 f5 20. Qf3 Rg8 21. Bxd4 Kf7 22. Bf2 1/2-1/2

[Event "North Bay"]
[Site "?"]
[Date "1994.??.??"]
[Round "?"]
[White "Shirov, A."]
[Black "Nickoloff, B."]
[Result "1/2-1/2"]
[WhiteElo "2740"]
[BlackElo "2390"]
[PlyCount "91"]
[EventDate "1994.??.??"]
[Source "ChessBase"]
[SourceDate "1994.06.01"]

1. e4 e5 2. Nf3 Nc6 3. Bb5 a6 4. Ba4 Nf6 5. O-O b5 6. Bb3 Bb7 7. d3 Bd6 8. c3 O-O 9. Nbd2 h6 10. d4 Re8 11. Re1 Bf8 12. Nf1 d6 13. Ng3 Na5 14. Bc2 Nc4 15. a4 c5 16. b3 Nb6 17. dxc5 dxc5 18. Qe2 bxa4 19. bxa4 a5 20. Nd2 c4 21. Nxc4 Nxc4 22. Qxc4 Rc8 23. Qa2 Rxc3 24. Bb3 Re7 25. Bb2 Rd3 26. Bc4 Rd2 27. Qb3 Bc6 28. Nf5 Nxe4 29. Nxe7+ Qxe7 30. Rad1 Rxf2 31. Rxe4 Qc5 32. Ba3 Rxg2+ 33. Kxg2 Bxe4+ 34. Kg3 Qxa3 35. Bxf7+ Kh7 36. Bg8+ Kg6 37. Bf7+ Kf6 38. Rf1+ Bf5 39. Qxa3 Bxa3 40. Bd5 g6 41. h4 h5 42. Be4 Bb4 43. Kf3 Bd7 44. Bc2 Bh3 45. Rg1 Bg4+ 46. Rxg4 1/2-1/2

[Event "Leningrad RUS"]
[Site "Leningrad RUS"]
[Date "1977.??.??"]
[Round "?"]
[White "Beliavsky, Alexander G"]
[Black "Vasiukov, Evgeni A"]
[Result "1-0"]
[WhiteElo "2555"]
[BlackElo "2565"]
[PlyCount "81"]
[EventDate "1977.??.??"]
[Source "www.chesslib.no"]
[SourceDate "2004.05.04"]

1. e4 e5 2. Nf3 Nc6 3. Bb5 a6 4. Ba4 Nf6 5. O-O b5 6. Bb3 Bb7 7. Re1 Bc5 8. c3 O-O 9. d4 Bb6 10. Bg5 h6 11. Bh4 Re8 12. Qd3 d6 13. Nbd2 Na5 14. Bc2 c5 15. d5 c4 16. Qe2 Rc8 17. Nf1 Kh7 18. Qd2 Rg8 19. Ne3 g5 20. Bg3 Nh5 21. Nf5 f6 22. Bd1 Ng7 23. N3h4 Nxf5 24. Nxf5 Rc7 25. b4 cxb3 26. axb3 Bc8 27. Ne3 Rgg7 28. Ra3 Ra7 29. Qa2 Qc7 30. Qa1 Kg6 31. h3 h5 32. Re2 Nb7 33. Rxa6 Rxa6 34. Qxa6 Nc5 35. Qxb5 h4 36. Bh2 Ba6 37. Qe8+ Qf7 38. Qxf7+ Rxf7 39. c4 Nxe4 40. Bc2 f5 41. Nxf5 1-0

[Event "FRA-chT 9900"]
[Site "France"]
[Date "2000.04.29"]
[Round "9.1"]
[White "Magem Badals, Jordi"]
[Black "Rausis, Igors"]
[Result "1/2-1/2"]
[WhiteElo "2529"]
[BlackElo "2572"]
[PlyCount "55"]
[EventDate "2000.02.04"]
[Source "www.chesslib.no"]
[SourceDate "2004.05.04"]

1. e4 e5 2. Nf3 Nc6 3. Bb5 a6 4. Ba4 Nf6 5. O-O b5 6. Bb3 Bb7 7. Re1 Bc5 8. c3 O-O 9. d4 Bb6 10. Bg5 h6 11. Bxf6 Qxf6 12. Bd5 d6 13. dxe5 dxe5 14. a4 Rab8 15. axb5 axb5 16. Na3 Ne7 17. Bxb7 Rxb7 18. Qe2 Ng6 19. g3 c6 20. Nc2 Qe6 21. Ne3 Bxe3 22. Qxe3 Rd7 23. Red1 Rfd8 24. Rxd7 Rxd7 25. Qe2 Kh7 26. Ne1 Rd6 27. Nc2 Qd7 28. Ra8 1/2-1/2

[Event "Finjub30 GM2"]
[Site "Finjub30 GM2"]
[Date "1992.??.??"]
[Round "?"]
[White "Lanc, Alois"]
[Black "Breazu, Mihai"]
[Result "1/2-1/2"]
[WhiteElo "2590"]
[BlackElo "2505"]
[PlyCount "80"]
[EventDate "1992.??.??"]
[Source "www.chesslib.no"]
[SourceDate "2004.05.04"]

1. e4 e5 2. Nf3 Nc6 3. Bb5 a6 4. Ba4 Nf6 5. O-O b5 6. Bb3 Bb7 7. c3 Nxe4 8. d4 Na5 9. Bc2 exd4 10. b4 Nc4 11. Bxe4 Bxe4 12. Re1 d5 13. Nxd4 c5 14. bxc5 Bxc5 15. f3 O-O 16. fxe4 dxe4 17. Kh1 Re8 18. Be3 Nxe3 19. Rxe3 b4 20. Nd2 Bxd4 21. cxd4 Qxd4 22. Nf1 Qe5 23. Rb1 Rad8 24. Qb3 Rd4 25. Ng3 g6 26. Rbe1 Qc5 27. h3 Qc6 28. Qb1 f5 29. a3 a5 30. axb4 axb4 31. Ne2 Rc4 32. Rb3 Qc5 33. Rd1 Kg7 34. Rd7+ Re7 35. Qb2+ Kh6 36. Rxe7 Qxe7 37. Qd2+ Kg7 38. Nf4 Qe5 39. g3 Qb5 40. Rb1 Qc6 1/2-1/2

[Event "Cap d'Agde FRA"]
[Site "?"]
[Date "2002.10.30"]
[Round "9"]
[White "Bezgodov Alexei"]
[Black "Malaniuk Vladimir P"]
[Result "1-0"]
[WhiteElo "2536"]
[BlackElo "2556"]
[PlyCount "43"]
[EventDate "2002.??.??"]
[Source "www.chesslib.no"]
[SourceDate "2004.05.04"]

1. e4 e5 2. Nf3 Nc6 3. Bb5 a6 4. Ba4 Nf6 5. O-O b5 6. Bb3 Bb7 7. c3 Nxe4 8. d4 Na5 9. Bc2 exd4 10. Nxd4 c5 11. Nf5 d5 12. a4 g6 13. f3 Ng5 14. axb5 axb5 15. Qe2+ Ne6 16. Ng3 Qb6 17. f4 f5 18. Re1 Kf7 19. Bxf5 gxf5 20. Qh5+ Ke7 21. Nxf5+ Kd8 22. Qh4+ 1-0

[Event "6/92-21"]
[Site "San Francisco 6/92-21"]
[Date "1991.??.??"]
[Round "?"]
[White "Wolff, Patrick G"]
[Black "Tal, Mikhail N"]
[Result "1-0"]
[WhiteElo "2520"]
[BlackElo "2565"]
[PlyCount "34"]
[EventDate "1991.??.??"]
[Source "www.chesslib.no"]
[SourceDate "2004.05.04"]

1. e4 e5 2. Nf3 Nc6 3. Bb5 a6 4. Ba4 Nf6 5. O-O b5 6. Bb3 Bb7 7. c3 Nxe4 8. d4 Na5 9. Nxe5 Nxb3 10. Qxb3 Qf6 11. f3 Nc5 12. Ng4 Nxb3 13. Nxf6+ Ke7 14. Bg5 Nxa1 15. Re1+ Kd6 16. Bf4+ Kc6 17. d5+ Kc5 1-0